000 006000000a22001810004500
003 MACL
005 20160528160550.0
008 160528b xxu||||| |||| 00| 0 eng d
040 _aMACL
_cMACL
041 _aHindi
082 _a891.433 MIT
100 _aमित्‍तल, महेन्‍द्र
_960679
245 _aसरहद पार से
_cमहेन्‍द्र मित्‍तल
260 _bस्‍वास्तिक प्रकाशन
_c2004
_aनई दिल्‍ली
350 _a200
650 _aNovel
_960680
942 _cHIN
_k891.433/MIT/N
_2ddc
999 _c17883
_d17883